000 00987nam a2200325 a 4500
001 000109110
003 CHAP
005 20250516062731.0
008 140403s2013 mx a |r| |||||||spa d
010 _a105572
011 _a106544
040 _cCHAP
090 _aFolleto 18412
100 1 _aSalazar Bustos, María del Socorro
_9126242
245 1 2 _aEl cultivo de tilapia /
_cpor María del Socorro Salazar Bustos.
260 _aChapingo, Méx. :
_bUACH.,
_c2013.
300 _a46 p. :
_bil.
590 _aE11695DGD
_b10
_c20140613
_lUCH01
_h1122
590 _aE5995AHE
_b05
_c20140403
_lUCH01
_h1253
590 _aE5995AHE
_b05
_c20140403
_lUCH01
_h1257
590 _aE5995AHE
_b05
_c20140403
_lUCH01
_h1313
650 4 _aAcuicultura
_9758
650 4 _aAgricultura y acuicultura
_92031
650 4 _aPiscicultura.
_988531
650 7 _aTilapia (nombre común)
_2
_9113299
710 0 _aUACH. Campo Agrícola Experimental.
_9115823
901 _aBK
942 _cFOLL
942 _n0
999 _c105572
_d105572